| 000 | 00499nam a2200217Ia 4500 | ||
|---|---|---|---|
| 003 | 0100 | ||
| 008 | 130303s9999 xx 000 0 und d | ||
| 020 | _a0816614555 | ||
| 040 | _cARRUPELIB | ||
| 050 | _aB1875.G72 1985 | ||
| 100 | _aGrene, Marjorie Glicksman | ||
| 245 | _aDescartes | ||
| 260 | _aMinneapolis MN | ||
| 260 | _bUniversity of Minnesota | ||
| 260 | _C1985 | ||
| 300 | _a225p. | ||
| 300 | _b 20cm | ||
| 650 | _aPHILOSOPHY | ||
| 650 | _bConservatism--History | ||
| 942 | 0 | 0 | _01 |
| 999 |
_c23223 _d23223 |
||